Gaming Quiz

Random Gaming or Video Games Quiz
Score 0/87 Timer 10:00
0 Plays Today
Brand Fighter % Correct
MarvelHulk
92.5%
MarvelSpider-man
91.9%
MarvelCaptain America
91.2%
MarvelWolverine
89.6%
MarvelIron Man
86.5%
CapcomRyu
85%
CapcomMega Man
80.1%
MarvelStorm
76.9%
MarvelVenom
76.6%
MarvelCyclops
76.2%
CapcomChun-Li
76.1%
MarvelMagneto
75.7%
CapcomKen
73.2%
MarvelWar Machine
70.5%
MarvelDoctor Doom
69.1%
CapcomDan
69.1%
MarvelShe-Hulk
67.7%
MarvelThor
67.4%
CapcomM. Bison
65.8%
MarvelGambit
65.3%
MarvelPhoenix
64.4%
CapcomAkuma
64.3%
CapcomDante
64.2%
CapcomJill Valentine
63.9%
CapcomZangief
63.5%
MarvelIceman
63.5%
MarvelSentinel
63%
CapcomCaptain Commando
62.4%
CapcomMorrigan
62.2%
Brand Fighter % Correct
CapcomGuile
62%
MarvelDeadpool
61.9%
CapcomChris Redfield
61.5%
MarvelRogue
61.3%
CapcomStrider Hiryu
61.3%
CapcomDhalsim
59.7%
MarvelPsylocke
59.5%
CapcomZero
59.4%
CapcomCammy
59.2%
MarvelColossus
59.1%
MarvelShuma-Gorath
59%
CapcomFelicia
58.2%
CapcomAlbert Wesker
58.2%
MarvelJuggernaut
57.9%
MarvelCable
57.8%
CapcomViewtiful Joe
57.6%
CapcomSir Arthur
57.5%
MarvelBlackheart
56.4%
MarvelX-23
53.7%
CapcomTron Bonne
53.4%
MarvelSabretooth
53.2%
CapcomRoll
53%
MarvelSuper-Skrull
52.4%
CapcomTrish
52.3%
MarvelThanos
51.5%
CapcomAmaterasu
51.4%
MarvelDr. Strange
51%
CapcomCharlie
50.9%
CapcomMike Haggar
50.4%
Brand Fighter % Correct
CapcomSakura
50.1%
MarvelDormammu
50%
CapcomJin Saotome
49.9%
CapcomAmingo
49.3%
MarvelNova
48.5%
MarvelMarrow
48.4%
MarvelHawkeye
48.4%
MarvelSpiral
47.8%
MarvelOmega Red
47.5%
CapcomNathan Spencer
47.4%
CapcomC.Viper
47.4%
MarvelMODOK
47.1%
MarvelSilver Samurai
47%
CapcomServbot
47%
CapcomRuby Heart
46.9%
MarvelIron Fist
46.3%
CapcomB.B. Hood
44.6%
CapcomPhoenix Wright
44.4%
CapcomAnakaris
43.6%
CapcomNemesis T-Type
42.4%
CapcomVergil
42.3%
CapcomFrank West
41.1%
CapcomSonSon
40.9%
CapcomHsien-Ko
39.8%
CapcomHayato
39.8%
MarvelGhost Rider
39.5%
MarvelTaskmaster
39.4%
MarvelRocket Raccoon
39.1%
CapcomFirebrand
37.8%
Come Together.
Have Fun.
All Virtual.
We all need to come together. Play Sporcle's virtual live trivia to have fun, connect with people, and get your trivia on. Join a live hosted trivia game for your favorite pub trivia experience done virtually. If a virtual private party is more your thing, go here for details.

You're not logged in!

Compare scores with friends on all Sporcle quizzes.
OR
Log In

Sporcle TV

Today on Sporcle TV


Watch our educational content, quiz creation guides, and fun videos on Sporcle TV.

Show Comments

Extras

Top Quizzes Today


Score Distribution

Paid Content

Your Account Isn't Verified!

In order to create a playlist on Sporcle, you need to verify the email address you used during registration. Go to your Sporcle Settings to finish the process.

Report this User

Report this user for behavior that violates our Community Guidelines.

Details: